African literature today (Record no. 38055)

MARC details
000 -LEADER
fixed length control field 00543nam a2200169Ia 4500
022 ## - INTERNATIONAL STANDARD SERIAL NUMBER
ISSN 0852555229
050 ## - CALL MARK
Classification number PR 9344 .R44/
245 #0 - TITLE STATEMENT
Title African literature today
260 ## - PUBLICATION, DISTRIBUTION, ETC. (IMPRINT)
Place of publication NY : Woodbridge
260 ## - PUBLICATION, DISTRIBUTION, ETC. (IMPRINT)
Name of publisher Rochester, James Currey
260 ## - PUBLICATION, DISTRIBUTION, ETC. (IMPRINT)
Year of publication 2012
300 ## - PHYSICAL DESCRIPTION
Number of Pages ix, 195 p. ; 22 cm.
650 ## - SUBJECT ADDED ENTRY--TOPICAL TERM
Topical Term Africa--Literature--periodicals. History and criticism--Periodicals. Alienation--Periodicals. Exiles Punishment in literature--Periodicals.
942 ## - ADDED ENTRY ELEMENTS (KOHA)
Koha item type Serials

No items available.